Účtovanie a daňovo uznateľné náklady pri nedorobkoch zákazky
Postup zaúčtovania pri daňovo uznaných nákladoch. Príklad.
Guardado en:
| Autor principal: | |
|---|---|
| Formato: | Capítulo de libro |
| Lenguaje: | eslovaco |
| Materias: | |
| Etiquetas: |
Sin Etiquetas, Sea el primero en etiquetar este registro!
|
MARC
| LEADER | 00000naa a2200000 4500 | ||
|---|---|---|---|
| 001 | 0172002 | ||
| 005 | 20240502072940.9 | ||
| 041 | 0 | |a slo | |
| 044 | |a SK | ||
| 245 | 1 | 0 | |a Účtovanie a daňovo uznateľné náklady pri nedorobkoch zákazky |c Zuzana Kubaščíková |
| 520 | |a Postup zaúčtovania pri daňovo uznaných nákladoch. Príklad. | ||
| 610 | 2 | 0 | |a účtovníctvo |
| 610 | 2 | 0 | |a účtovanie nákladov |
| 610 | 2 | 0 | |a postupy účtovné |
| 610 | 2 | 0 | |a operácie účtovné |
| 610 | 2 | 0 | |a obdobie účtovné |
| 610 | 2 | 0 | |a účtovníctvo daňové |
| 100 | 1 | |a Kubaščíková, Zuzana, 1982- | |